[Event "Subang Jaya op 12th"]
[Site "Subang Jaya"]
[Date "2024.01.28"]
[Round "7"]
[White "Ainul Fikri, Afeeq Harith"]
[Black "Azrul, Raif Hamzah"]
[Result "1-0"]
[WhiteElo "1453"]
[BlackElo "1375"]
[PlyCount "129"]
[EventDate "2024.01.27"]
[EventType "swiss"]
[EventRounds "8"]
[EventCountry "MAS"]
[SourceTitle "CBM 218 Extra"]
[Source "ChessBase"]
[SourceDate "2024.03.31"]
[SourceVersion "1"]
[SourceVersionDate "2024.03.31"]
[SourceQuality "1"]

1. d4 Nf6 2. Bf4 d5 3. e3 e6 4. c3 c5 5. Bd3 Nc6 6. Nf3 Bd6 7. Bg3 0-0 8. Ne5 Qc7 9. f4 b6 10. Nd2 Bb7 11. Qe2 Rad8 12. Bh4 Be7 13. g4 Ne4 14. Bg3 f6 15. Nxc6 Bxc6 16. Nf3 Bd6 17. Bh4 Be7 18. Rg1 c4 19. Bc2 b5 20. g5 f5 21. Bxe4 dxe4 22. Ne5 Bd5 23. Qh5 a5 24. Kd1 b4 25. g6 h6 26. Bg5 Bf6 27. Nf7 Rxf7 28. gxf7+ Qxf7 29. Qxf7+ Kxf7 30. Bxf6 Kxf6 31. Kd2 Rb8 32. h4 Rb7 33. Rg2 Kf7 34. Rb1 Rc7 35. Ra1 Rb7 36. Rgg1 a4 37. cxb4 Rxb4 38. Rab1 Rb6 39. Rgc1 Kg6 40. Kc3 Rb7 41. Rc2 Kf6 42. h5 Kf7 43. Kd2 Kf6 44. Rc3 Rb6 45. Ra3 c3+ 46. Kxc3 Rc6+ 47. Kd2 Rc4 48. Rc3 Rb4 49. a3 Rb7 50. Rc2 Rb3 51. Rg1 Rb7 52. Kc1 Bb3 53. Rc8 Bd5 54. Rf8+ Ke7 55. Rg8 Rb3 56. R1xg7+ Kf6 57. Rg3 Rd3 58. R8g6+ Kf7 59. Rxh6 Bb3 60. Rg1 Rxe3 61. Rh7+ Kf8 62. h6 Rh3 63. Rh8+ Ke7 64. h7 e3 65. Rb8 1-0

[Event "Subang Jaya op 12th"]
[Site "Subang Jaya"]
[Date "2024.01.28"]
[Round "8"]
[White "Lauron, Paul John"]
[Black "Ainul Fikri, Afeeq Harith"]
[Result "1-0"]
[WhiteElo "1684"]
[BlackElo "1453"]
[PlyCount "66"]
[EventDate "2024.01.27"]
[EventType "swiss"]
[EventRounds "8"]
[EventCountry "MAS"]
[SourceTitle "CBM 218 Extra"]
[Source "ChessBase"]
[SourceDate "2024.03.31"]
[SourceVersion "1"]
[SourceVersionDate "2024.03.31"]
[SourceQuality "1"]

1. e4 d6 2. c3 Nf6 3. Nf3 Nxe4 4. Qa4+ c6 5. Qxe4 Nd7 6. d4 Nf6 7. Qc2 Bd7 8. Bd3 Qc7 9. 0-0 g6 10. Re1 Bg7 11. Bg5 h6 12. Bxf6 Bxf6 13. Nbd2 0-0-0 14. Ne4 Bg7 15. a4 Kb8 16. a5 e5 17. dxe5 dxe5 18. Nc5 f5 19. Qb3 Ka8 20. Nxe5 Bxe5 21. Rxe5 Bc8 22. Ree1 g5 23. Qc2 Rhf8 24. b4 f4 25. a6 b6 26. Ne6 Bxe6 27. Rxe6 Qd7 28. Bc4 b5 29. Bb3 h5 30. Qe4 Rc8 31. Rd1 Qc7 32. Rxc6 Kb8 33. Rxc7 Rxc7 1-0

[Event "Subang Jaya op 12th"]
[Site "Subang Jaya"]
[Date "2024.01.27"]
[Round "1"]
[White "Ainul Fikri, Afeeq Harith"]
[Black "Lee, Kai Zhe"]
[Result "1-0"]
[WhiteElo "1453"]
[BlackElo "1066"]
[PlyCount "87"]
[EventDate "2024.01.27"]
[EventType "swiss"]
[EventRounds "8"]
[EventCountry "MAS"]
[SourceTitle "CBM 218 Extra"]
[Source "ChessBase"]
[SourceDate "2024.03.31"]
[SourceVersion "1"]
[SourceVersionDate "2024.03.31"]
[SourceQuality "1"]

1. e4 c6 2. Nf3 d5 3. Nc3 dxe4 4. Nxe4 Nf6 5. Ng3 e6 6. Bc4 b5 7. Bb3 Bb7 8. d3 Bd6 9. 0-0 0-0 10. Bg5 Nbd7 11. Qe2 h6 12. Bd2 Nd5 13. Nd4 N7f6 14. Rfe1 Re8 15. Ne4 Nxe4 16. dxe4 Nf4 17. Bxf4 Bxf4 18. Rad1 Qe7 19. e5 h5 20. Qxh5 Bh6 21. Rd3 Rad8 22. Rg3 Kh8 23. c3 b4 24. Bc2 c5 25. Nb5 Rd2 26. Nd6 Rf8 27. Rc1 Ba6 28. Rh3 Be2 29. f3 Kg8 30. Qg4 Qg5 31. Qxg5 Bxg5 32. Bh7+ Kh8 33. cxb4 Bh6 34. Be4 cxb4 35. Nxf7+ Kg8 36. Nxh6+ gxh6 37. Rg3+ Kf7 38. Rc7+ Ke8 39. Rgg7 Ba6 40. Rxa7 Bc8 41. Bb7 Rc2 42. Bxc8 Rxc8 43. Rge7+ Kd8 44. Rad7# 1-0

[Event "Penang op-B 14th"]
[Site "Penang"]
[Date "2022.12.24"]
[Round "9"]
[White "Ginting, Osaka Hendra"]
[Black "Ainul Fikri, Afeeq Harith"]
[Result "1-0"]
[WhiteElo "1730"]
[BlackElo "1332"]
[PlyCount "55"]
[EventDate "2022.12.19"]
[EventType "swiss"]
[EventRounds "9"]
[EventCountry "MAS"]
[SourceTitle "EXT 2024"]
[Source "ChessBase"]
[SourceDate "2023.10.10"]
[SourceVersion "1"]
[SourceVersionDate "2023.10.10"]
[SourceQuality "1"]

1. Nh3 d6 2. g3 Nf6 3. Bg2 c6 4. d4 Qc7 5. c4 e5 6. d5 cxd5 7. cxd5 Bxh3 8. Bxh3 Nxd5 9. 0-0 Nf6 10. Bg5 Nbd7 11. Nc3 h6 12. Bxf6 Nxf6 13. Qa4+ Qc6 14. Nb5 Kd8 15. Rac1 Qb6 16. Rfd1 a6 17. Nc7 Rb8 18. Rd3 Ke7 19. Nd5+ Nxd5 20. Qd7+ Kf6 21. Rf3+ Nf4 22. Rc7 g6 23. Qxf7+ Kg5 24. gxf4+ Kh5 25. Bg4+ Kxg4 26. Qxg6+ Kh4 27. Rh3+ Kxh3 28. Qg3# 1-0